CAll ME TED TED TURNER / (Record no. 616644)
[ view plain ]
| 000 -LEADER | |
|---|---|
| fixed length control field | 00364nam a22001457a 4500 |
| 020 ## - INTERNATIONAL STANDARD BOOK NUMBER | |
| Qualifying information | HB. |
| 027 ## - STANDARD TECHNICAL REPORT NUMBER | |
| Qualifying information | PB. |
| 040 ## - CATALOGING SOURCE | |
| Transcribing agency | FIZZA ISHAQ |
| 082 ## - DEWEY DECIMAL CLASSIFICATION NUMBER | |
| Classification number | 384.55 |
| Author Mark | BIL |
| 100 ## - MAIN ENTRY--PERSONAL NAME | |
| Personal name | BURKE BILL. |
| 9 (RLIN) | 133760 |
| 245 ## - TITLE STATEMENT | |
| Title | CAll ME TED TED TURNER / |
| Statement of responsibility, etc. | BILL BURKE. |
| 260 ## - PUBLICATION, DISTRIBUTION, ETC. | |
| Place of publication, distribution, etc. | NEW YORK ; |
| Name of publisher, distributor, etc. | GRAND CENTRAL PUBLISHING, |
| Date of publication, distribution, etc. | 2008. |
| 300 ## - PHYSICAL DESCRIPTION | |
| Extent | 433 P. ; |
| Dimensions | 9.6X6.4IN |
| 942 ## - ADDED ENTRY ELEMENTS (KOHA) | |
| Source of classification or shelving scheme | |
| Koha item type | Book |
| Withdrawn status | Lost status | Source of classification or shelving scheme | Damaged status | Not for loan | Permanent Location | Current Location | Shelving location | Date acquired | Total Checkouts | Full call number | Barcode | Date last seen | Price effective from | Koha item type |
|---|---|---|---|---|---|---|---|---|---|---|---|---|---|---|
| NUST Baluchistan Campus (NBC) | NUST Baluchistan Campus (NBC) | Reference | 03/12/2026 | 384.55 BIL | QD-458 | 03/12/2026 | 03/12/2026 | Book |
